|
|
|
|
| LEADER |
02998njm a2200481 a 4500 |
| 001 |
000587736 |
| 003 |
CZ BrMZK |
| 005 |
20201013082810.0 |
| 008 |
020219s2001 xr f cze d |
| 028 |
0 |
1 |
|a SU 3585-4 211
|b Supraphon
|
| 040 |
|
|
|a BOA001
|b cze
|
| 080 |
|
|
|a 783.65
|2 MRF
|
| 080 |
|
|
|a (086.7)
|2 MRF
|
| 245 |
0 |
0 |
|a Nejkrásnější vánoční koledy
|h [zvukový záznam]
|
| 260 |
|
|
|a Praha :
|b Supraphon,
|c p2001
|
| 300 |
|
|
|a 1 zvuková kazeta (52:55) :
|b analog, stereo, Dolby systém +
|e 1 leták (10 x 27 cm)
|
| 306 |
|
|
|a 005255
|
| 500 |
|
|
|a Kompilace
|
| 500 |
|
|
|a Původní fonogramy p1964, p1998 Supraphon, p1982 Panton
|
| 500 |
|
|
|a Nahráno 1964, 1982, 1998
|
| 500 |
|
|
|a Vydáno také na kompaktní desce s objednacím číslem SU 3585-2 211
|
| 505 |
0 |
0 |
|t Narodil se Kristus Pán --
|t Dej Bůh štěstí --
|t Já bych rád k Betlému --
|t Nesem vám noviny --
|t Chtíc, aby spal --
|t Půjdem spolu do Betléma --
|t Syn boží se nám narodil --
|t Vondráši, Matouši --
|t Poslechněte mě málo --
|t Kristus Pán se narodil --
|t Byla cesta, byla ušlapaná --
|t Slyšte, slyšte, pastuškové --
|t Děťátko se narodilo --
|t Jak jsi krásné, neviňátko --
|t Co ten slavíček --
|t Vánoční ukolébavka --
|t Slyšeli jsme v Betlémě --
|t Veselé vánoční hody --
|t Vzhůru, bratři milí --
|t Hle, hle, támhle v Betlémě --
|t Ráda bych k Betlému --
|t Es ist ein Ros'entsprungen --
|t O Tannenbaum --
|t Jingle bells --
|t Ding, dong! Meril on high --
|t In dulci jubilo --
|t Adeste, fidelis --
|t Stille Nacht --
|t Ejhle, chasa naša --
|t Zezulka z lesa vylítla --
|t Svatou dobujiž tu máme --
|t Čas radosti, veselosti
|
| 511 |
0 |
|
|a Noví pěvci madrigalů akomorní hudby; Komorní instrumentální soubor, Miroslav Venhoda, dirigent; Bambini di Praga, Blanka Kulínská, Bohumil Kulínský, sbormistři ... [et al.]
|
| 511 |
0 |
|
|a Zpívají: Beno Blachut,Milada Boubílková, Vlasta Pecháčková ... [et al.]
|
| 650 |
0 |
4 |
|a koledy (zpěv, instrumentální soubor)
|
| 655 |
|
4 |
|a vánoční hudba
|
| 655 |
|
7 |
|a koledy
|7 fd132548
|2 czenas
|
| 700 |
1 |
|
|a Blachut, Beno,
|d 1913-1985
|7 jn19990009801
|4 prf
|
| 700 |
1 |
|
|a Boublíková, Milada
|7 xx0087140
|4 prf
|
| 700 |
1 |
|
|a Pecháčková, Vlasta
|7 xx0200953
|4 prf
|
| 700 |
1 |
|
|a Rabas, Miloslav
|7 xx0189005
|4 prf
|
| 700 |
1 |
|
|a Němcová, Marie,
|d 1922-2001
|7 xx0150163
|4 prf
|
| 700 |
1 |
|
|a Venhoda, Miroslav,
|d 1915-1987
|7 jn19990010019
|4 aut
|
| 700 |
1 |
|
|a Kulínská, Blanka,
|d 1935-2022
|7 jn20000710371
|4 cnd
|
| 700 |
1 |
|
|a Kulínský, Bohumil,
|d 1959-2018
|7 jo19990049041
|4 cnd
|
| 700 |
1 |
|
|a Kühn, Pavel,
|d 1938-2003
|7 jn19990009906
|4 cnd
|
| 700 |
1 |
|
|a Popelka, Vladimír,
|d 1932-
|7 xx0000095
|4 cnd
|
| 710 |
2 |
|
|a Noví pěvci madrigalů a komorní hudby (hudební skupina)
|7 pna2006320858
|
| 710 |
2 |
|
|a Bambini di Praga (pěvecký sbor)
|7 kn20010710113
|
| 710 |
2 |
|
|a Kühnův ženský sbor
|7 ko2003164874
|
| 910 |
|
|
|a BOA001
|b KZ-0010.141
|
| 990 |
|
|
|a AV
|
| 996 |
6 |
|
|b 261H011018
|c KZ-0010.141
|l MZK
|r Sklad / do 24 hodin
|n 0
|w 000587736
|u 000010
|a 1
|e BOA001
|j MZK50
|s P
|